00725nam a22001817a 450000500170000000800410001702000180005804000070007604100080008308200220009110000210011324500700013426000360020430000240024036500620026452001670032665000500049320230922112342.0230922b ||||| |||| 00| 0 eng d a9789387436404 cAL aeng 223a658.408bCHAC aU.K. Chakraborty aCorporate social responsibility and sustainable rural development aNew DelhibNational Pressc2020 a455p.bHBc23x15cm. 2Generala07b₹2551.00c₹d₹3495.00e27%f19/08/2023 aIntroduction historical background of corporate social responsibility research methodology analysis of the data results and discussion conclusion and suggestions. 2Management and auxiliary servicesaManagement